Statistics for Spanish City By Picture

Click here to take the quiz!

General Stats

  • This quiz has been taken 161 times
  • The average score is 10 of 12

Answer Stats

Answer% Correct
Barcelona
100%
Madrid
99%
Seville
96%
Valencia
94%
Bilbao
90%
Malaga
86%
Granada
82%
Palma de Mallorca
74%
Pamplona
74%
Zaragoza
72%
Cordoba
70%
Alicante
60%

Score Distribution

Percentile by Number Answered

Percent of People with Each Score

Your Score History

You have not taken this quiz